<?xml version="1.0" encoding="UTF-8"?>
<record
    xmlns:xsi="http://www.w3.org/2001/XMLSchema-instance"
    xsi:schemaLocation="http://www.loc.gov/MARC21/slim http://www.loc.gov/standards/marcxml/schema/MARC21slim.xsd"
    xmlns="http://www.loc.gov/MARC21/slim">

  <leader>01043nam a2200241 i 4500</leader>
  <controlfield tag="001">147788</controlfield>
  <controlfield tag="003">ES-MaACL</controlfield>
  <controlfield tag="005">20250902110639.0</controlfield>
  <controlfield tag="007">t|</controlfield>
  <controlfield tag="008">071005s1965    sp           ||||1| spa d</controlfield>
  <datafield tag="110" ind1="2" ind2=" ">
    <subfield code="a">Sociedad Bilba&#xED;na. </subfield>
    <subfield code="b">Biblioteca</subfield>
    <subfield code="9">162886</subfield>
  </datafield>
  <datafield tag="245" ind1="1" ind2="0">
    <subfield code="a">Cat&#xE1;logo de la secci&#xF3;n vascongada de autores : </subfield>
    <subfield code="b">complementado con el de revistas y peri&#xF3;dicos, y un &#xED;ndice diccionario / </subfield>
    <subfield code="c">realizado bajo la direcci&#xF3;n de Juan Ram&#xF3;n de Urquijo y Olano ; redactado por Jes&#xFA;s Ugalde Fern&#xE1;ndez.</subfield>
  </datafield>
  <datafield tag="260" ind1=" " ind2=" ">
    <subfield code="a">Bilbao : </subfield>
    <subfield code="b">[Editorial Bilba&#xED;na], </subfield>
    <subfield code="c">1965.</subfield>
  </datafield>
  <datafield tag="300" ind1=" " ind2=" ">
    <subfield code="a">2 v. ; </subfield>
    <subfield code="c">23 cm.</subfield>
  </datafield>
  <datafield tag="500" ind1=" " ind2=" ">
    <subfield code="a">Precede al t&#xED;t.: Biblioteca de la Sociedad Bilba&#xED;na.</subfield>
  </datafield>
  <datafield tag="505" ind1="8" ind2=" ">
    <subfield code="a">T. 1. A-K (XI p., 726 p.) -- T. 2. L-Z (729 p.)</subfield>
  </datafield>
  <datafield tag="610" ind1="2" ind2="7">
    <subfield code="a">Sociedad Bilba&#xED;na. </subfield>
    <subfield code="b">Biblioteca-</subfield>
    <subfield code="v">Cat&#xE1;logos</subfield>
    <subfield code="2"></subfield>
    <subfield code="9">162887</subfield>
  </datafield>
  <datafield tag="651" ind1=" " ind2="4">
    <subfield code="a">Pa&#xED;s Vasco-</subfield>
    <subfield code="v">Bibliograf&#xED;as</subfield>
    <subfield code="9">9147</subfield>
  </datafield>
  <datafield tag="700" ind1="1" ind2=" ">
    <subfield code="a">Ugalde Fern&#xE1;ndez, Jes&#xFA;s.</subfield>
    <subfield code="9">111886</subfield>
  </datafield>
  <datafield tag="700" ind1="1" ind2=" ">
    <subfield code="a">Urquijo y Olano, Juan Ram&#xF3;n de.</subfield>
    <subfield code="9">112213</subfield>
  </datafield>
  <datafield tag="852" ind1=" " ind2=" ">
    <subfield code="a">ES-MaACL</subfield>
    <subfield code="j">C-30163-4 </subfield>
    <subfield code="b">R.61904</subfield>
  </datafield>
  <datafield tag="999" ind1=" " ind2=" ">
    <subfield code="c">147788</subfield>
    <subfield code="d">147788</subfield>
  </datafield>
  <datafield tag="952" ind1=" " ind2=" ">
    <subfield code="0">0</subfield>
    <subfield code="1">0</subfield>
    <subfield code="4">0</subfield>
    <subfield code="7">0</subfield>
    <subfield code="8">Colecci&#xF3;n_de_referencia </subfield>
    <subfield code="a">ATENEOM</subfield>
    <subfield code="b">ATENEOM</subfield>
    <subfield code="c">DEPO2</subfield>
    <subfield code="d">2008-01-17</subfield>
    <subfield code="e">SC</subfield>
    <subfield code="l">0</subfield>
    <subfield code="o">C-30163-4</subfield>
    <subfield code="p">1154233</subfield>
    <subfield code="r">2023-02-23 00:00:00</subfield>
    <subfield code="w">2023-02-23</subfield>
    <subfield code="y">MONOGRAFIA</subfield>
  </datafield>
</record>
